La accin̤ social y humanitaria de las fuerzas armadas

Bibliographic Details
Format: eBook
Language:Spanish
Published: Madrid: Dykinson, 2019
Subjects:
Online Access:Acceso restringido

MARC

LEADER 00000nam a22000007a 4500
005 20200528151143.0
007 cr|||| ||||
008 200528s2019 es |||||s|||| 00||0 spa d
020 |a 978-84-1324-640-6 
035 |a 31513 
040 |a vLex 
090 |c 10425  |d 10425 
245 0 2 |a La accin̤ social y humanitaria de las fuerzas armadas  |h [Recurso electrn̤ico] / 
256 |a Servicio en ln̕ea 
260 |a Madrid:  |b Dykinson,  |c 2019 
300 |a 1 recurso electrn̤ico 
506 1 |a Disponible solo en los productos indicados  |d vLex Global  |d vLex Global (Academic Edition, excluding Law Schools)  |d vLex Global (U.S. Academic Edition, Law Schools)  |d vLex Global (U.S. Academic Edition, excluding Law Schools)  |d vLex Global (Academic Edition, Law Schools) 
650 0 4 |a Derecho Constitucional  |z Espaą 
650 0 4 |a Defensa  |z Espaą 
740 0 |a vLex Libros (Servicio en ln̕ea) 
856 4 0 |u http://vlex.com/source/accion-social-humanitaria-fuerzas-armadas-31513  |z Acceso restringido 
942 |c BOOK 
999 0 |a Constitutional Law 
999 0 |a Defense